Healing Power Of Foods (Record no. 309353)
[ view plain ]
| 000 -LEADER | |
|---|---|
| fixed length control field | 00383nam a2200145Ia 4500 |
| 008 - FIXED-LENGTH DATA ELEMENTS--GENERAL INFORMATION | |
| fixed length control field | 230718s9999 xx 000 0 und d |
| 041 ## - LANGUAGE CODE | |
| Language code of text/sound track or separate title | eng |
| 082 ## - DEWEY DECIMAL CLASSIFICATION NUMBER | |
| Classification number | 641.302 |
| Item number | BAN |
| 100 ## - MAIN ENTRY--PERSONAL NAME | |
| Personal name | Bansal S.P. |
| 9 (RLIN) | 145443 |
| 245 ## - TITLE STATEMENT | |
| Title | Healing Power Of Foods |
| 260 ## - PUBLICATION, DISTRIBUTION, ETC. (IMPRINT) | |
| Date of publication, distribution, etc. | 2003 |
| Name of publisher, distributor, etc. | Pustak Mahal |
| 365 ## - TRADE PRICE | |
| Currency code | Rs. |
| Price amount | 60.00 |
| 700 ## - ADDED ENTRY--PERSONAL NAME | |
| Personal name | Bansal S.P. |
| 9 (RLIN) | 145443 |
| 906 ## - LOCAL DATA ELEMENT F, LDF (RLIN) | |
| d | B:6511/3.11.0413-Oct-2005 |
| c | OTH |
| b | 12 |
| Withdrawn status | Lost status | Damaged status | Not for loan | Home library | Current library | Date acquired | Vendor | Budget Code | Cost, normal purchase price | Bill number | Total Checkouts | Full call number | Barcode | Date last seen | Discount | Cost, replacement price | Bill Date | Koha item type | Original Barcode |
|---|---|---|---|---|---|---|---|---|---|---|---|---|---|---|---|---|---|---|---|
| Cummins College of Engineering for Women Pune | Cummins College of Engineering for Women Pune | 15/12/2004 | Technical Book Services | OTH | 48.00 | 6511/3.11.04 | 641.302 | CCEP-BK-20560 | 18/07/2023 | 12 | 60.00 | 13/10/2005 | Books | 020560 |